[Event "Titled Tuesday intern op 11th Mar Late"]
[Site "Chess.com INT"]
[Date "2025.03.11"]
[Round "7"]
[White "Sindarov, Javokhir"]
[Black "Yoo, Christopher Woojin"]
[Result "1-0"]
[WhiteElo "2707"]
[BlackElo "2588"]
[PlyCount "165"]
[EventDate "2025.03.11"]
[EventType "swiss (blitz)"]
[EventRounds "11"]
[EventCountry "USA"]
[SourceTitle "CB12_2025"]
[SourceDate "2025.03.19"]
[SourceVersion "1"]
[SourceVersionDate "2025.03.19"]
[SourceQuality "1"]

1. e4 e5 2. Nf3 Nf6 3. Nxe5 d6 4. Nf3 Nxe4 5. d3 Nf6 6. d4 d5 7. Bd3 Bd6 8. Qe2+ Qe7 9. Qxe7+ Kxe7 10. 0-0 Re8 11. Nc3 c6 12. Bg5 Nbd7 13. Bxh7 Kf8 14. Bd3 Bb4 15. Bd2 Nb6 16. a3 Bd6 17. Rfe1 Be6 18. b3 Rad8 19. Bg5 Nbd7 20. Ne5 Be7 21. Ng6+ fxg6 22. Rxe6 Kf7 23. Ree1 Nf8 24. Bd2 Bd6 25. Rxe8 Rxe8 26. b4 Ne6 27. Ne2 g5 28. f3 g4 29. fxg4 Nxg4 30. h3 Nf6 31. Rf1 Ke7 32. Bg6 Rh8 33. c3 Rh4 34. Bf5 Rh8 35. Nf4 Nxf4 36. Bxf4 Bxf4 37. Rxf4 a5 38. Rf3 axb4 39. axb4 Ra8 40. Re3+ Kf7 41. g4 Ne8 42. g5 Nd6 43. Bd3 Ra3 44. h4 g6 45. Rf3+ Kg7 46. Rf6 Ne4 47. Bxe4 dxe4 48. c4 Rb3 49. b5 cxb5 50. c5 Rd3 51. Rd6 Kf7 52. Kf2 b4 53. Ke2 b3 54. Rf6+ Kg7 55. Rb6 Rxd4 56. Rxb7+ Kg8 57. Rxb3 Rc4 58. Rb6 Kf7 59. Rf6+ Kg7 60. Rc6 Kf7 61. Ke3 Kg7 62. Rc7+ Kg8 63. c6 Kf8 64. Kf4 Kg8 65. Ke3 Kf8 66. Kd2 Kg8 67. Ke2 Kf8 68. Ke3 Kg8 69. Kf4 Kf8 70. Kg4 Kg8 71. Kg3 Kf8 72. Kf2 Kg8 73. Rc8+ Kg7 74. Ke1 Kf7 75. Kd2 Kg7 76. Ke3 Kh7 77. Kf4 Kg7 78. Ke5 e3 79. Kd5 Rxh4 80. Re8 Rh1 81. Rxe3 Rd1+ 82. Kc4 Rc1+ 83. Rc3 1-0

[Event "Titled Tuesday intern op 11th Mar Late"]
[Site "Chess.com INT"]
[Date "2025.03.11"]
[Round "4"]
[White "Velikanov, Alexander"]
[Black "Sindarov, Javokhir"]
[Result "0-1"]
[WhiteElo "2377"]
[BlackElo "2707"]
[PlyCount "52"]
[EventDate "2025.03.11"]
[EventType "swiss (blitz)"]
[EventRounds "11"]
[EventCountry "USA"]
[SourceTitle "CB12_2025"]
[SourceDate "2025.03.19"]
[SourceVersion "1"]
[SourceVersionDate "2025.03.19"]
[SourceQuality "1"]

1. d4 Nf6 2. Nf3 g6 3. Nbd2 Bg7 4. e4 0-0 5. h3 d6 6. a4 c5 7. dxc5 dxc5 8. Bc4 Nc6 9. 0-0 Qc7 10. c3 Rd8 11. Qe2 Nh5 12. Nb3 b6 13. a5 Bb7 14. Bxf7+ Kxf7 15. Ng5+ Ke8 16. g4 Nf4 17. Bxf4 Qxf4 18. Ne6 Qf7 19. Nxd8 Rxd8 20. Qb5 Qf3 21. Nxc5 bxc5 22. Qxb7 Ne5 23. c4 Qxh3 24. Ra3 Nf3+ 25. Rxf3 Qxf3 26. Qxa7 Qxg4+ 0-1

[Event "Titled Tuesday intern op 25th Feb Early"]
[Site "Chess.com INT"]
[Date "2025.02.25"]
[Round "3"]
[White "Chen, Ryo"]
[Black "Sindarov, Javokhir"]
[Result "0-1"]
[WhiteElo "2395"]
[BlackElo "2700"]
[PlyCount "64"]
[EventDate "2025.02.25"]
[EventType "swiss (blitz)"]
[EventRounds "11"]
[EventCountry "USA"]
[SourceTitle "CB10_2025"]
[SourceDate "2025.03.05"]
[SourceVersion "1"]
[SourceVersionDate "2025.03.05"]
[SourceQuality "1"]

1. e4 c5 2. Nf3 e6 3. d4 cxd4 4. Nxd4 Nf6 5. Nc3 Nc6 6. Ndb5 Bc5 7. Nd6+ Ke7 8. Bf4 e5 9. Nf5+ Kf8 10. Bg5 d6 11. Bc4 h6 12. Bxf6 Qxf6 13. Nd5 Qd8 14. 0-0 g6 15. Nfe3 Kg7 16. c3 a6 17. a4 Be6 18. b4 Ba7 19. Qd3 Rc8 20. Rad1 Rf8 21. Bb3 f5 22. Nc4 fxe4 23. Qxe4 Ne7 24. Nce3 Nf5 25. Nxf5+ Rxf5 26. Rd2 Qg5 27. Re2 Rcf8 28. Kh1 Rxf2 29. Rexf2 Rxf2 30. Rg1 Qf5 31. Qc4 Qf7 32. Qe4 Rf1 0-1

[Event "Titled Tuesday intern op 25th Feb Early"]
[Site "Chess.com INT"]
[Date "2025.02.25"]
[Round "8"]
[White "Grandelius, Nils"]
[Black "Sindarov, Javokhir"]
[Result "0-1"]
[WhiteElo "2644"]
[BlackElo "2700"]
[PlyCount "84"]
[EventDate "2025.02.25"]
[EventType "swiss (blitz)"]
[EventRounds "11"]
[EventCountry "USA"]
[SourceTitle "CB10_2025"]
[SourceDate "2025.03.05"]
[SourceVersion "1"]
[SourceVersionDate "2025.03.05"]
[SourceQuality "1"]

1. d4 Nf6 2. Nf3 g6 3. g3 c5 4. dxc5 Na6 5. Bg2 Nxc5 6. 0-0 Bg7 7. c4 b6 8. Nd4 Bb7 9. Bxb7 Nxb7 10. Nc3 Rc8 11. b3 d5 12. Nxd5 Nxd5 13. cxd5 Qxd5 14. Bb2 0-0 15. e3 Rfd8 16. Qe2 e5 17. e4 Qd7 18. Nf3 Qg4 19. Kg2 Nc5 20. Rad1 Ne6 21. Kh1 h5 22. Rxd8+ Rxd8 23. Re1 Nc5 24. Nxe5 Qe6 25. f4 Bxe5 26. Bxe5 Nd3 27. Rf1 Nxe5 28. fxe5 Qxe5 29. Qc4 Qe7 30. Rf2 Rd7 31. Kg2 Rc7 32. Qd4 Rd7 33. Qc4 h4 34. Qc8+ Rd8 35. Qc4 b5 36. Qe2 Rd4 37. Rf4 Qd7 38. Qg4 Qxg4 39. Rxg4 Rd2+ 40. Kh3 hxg3 41. hxg3 Rxa2 42. e5 Re2 0-1

[Event "Titled Tuesday intern op 25th Feb Early"]
[Site "Chess.com INT"]
[Date "2025.02.25"]
[Round "10"]
[White "Ibrahimli, Murad Sultanali"]
[Black "Sindarov, Javokhir"]
[Result "0-1"]
[WhiteElo "2423"]
[BlackElo "2700"]
[PlyCount "98"]
[EventDate "2025.02.25"]
[EventType "swiss (blitz)"]
[EventRounds "11"]
[EventCountry "USA"]
[SourceTitle "CB10_2025"]
[SourceDate "2025.03.05"]
[SourceVersion "1"]
[SourceVersionDate "2025.03.05"]
[SourceQuality "1"]

1. d4 Nf6 2. c4 g6 3. Nc3 Bg7 4. e4 d6 5. Be2 0-0 6. Nf3 c5 7. d5 e6 8. 0-0 exd5 9. exd5 Bg4 10. Bf4 Nh5 11. Bd2 Nd7 12. h3 Bxf3 13. Bxf3 Nhf6 14. Bf4 Ne8 15. Qd2 Ne5 16. Be2 Nc7 17. Rae1 Re8 18. b3 f5 19. Bd1 Qf6 20. Bc2 Nxc4 21. bxc4 Qxc3 22. Qxc3 Bxc3 23. Rb1 b6 24. Bxd6 Be5 25. Bxe5 Rxe5 26. Ba4 Ne8 27. Rfe1 Rxe1+ 28. Rxe1 Nd6 29. Bc6 Rd8 30. Rc1 Rc8 31. a4 Rc7 32. f3 Kg7 33. Kf2 Kf6 34. g3 Re7 35. Bb5 g5 36. a5 f4 37. gxf4 gxf4 38. axb6 axb6 39. Rb1 Ra7 40. Rb2 Ke5 41. h4 Kd4 42. Re2 Nxb5 43. Re6 Na3 44. Re4+ Kd3 45. Rxf4 Nxc4 46. Rf6 b5 47. d6 b4 48. Rf5 Kd4 49. Rf4+ Kd5 0-1

[Event "Titled Tuesday intern op 25th Feb Early"]
[Site "Chess.com INT"]
[Date "2025.02.25"]
[Round "11"]
[White "Narayanan, Sunilduth Lyna"]
[Black "Sindarov, Javokhir"]
[Result "0-1"]
[WhiteElo "2622"]
[BlackElo "2700"]
[PlyCount "98"]
[EventDate "2025.02.25"]
[EventType "swiss (blitz)"]
[EventRounds "11"]
[EventCountry "USA"]
[SourceTitle "CB10_2025"]
[SourceDate "2025.03.05"]
[SourceVersion "1"]
[SourceVersionDate "2025.03.05"]
[SourceQuality "1"]

1. e4 c5 2. Ne2 e6 3. Nbc3 Nc6 4. g3 d5 5. d3 d4 6. Nb1 h5 7. h3 e5 8. Nd2 Bd6 9. Nf3 Nge7 10. c3 f6 11. a3 Be6 12. cxd4 cxd4 13. b4 a5 14. b5 Nb8 15. a4 Nd7 16. Bg2 Nc5 17. Ba3 Nb3 18. Bxd6 Qxd6 19. Rb1 Nc5 20. 0-0 b6 21. Nh4 g5 22. Nf5 Nxf5 23. exf5 Bd5 24. Bxd5 Qxd5 25. Nc1 Kf7 26. Re1 g4 27. h4 Rac8 28. Ne2 Qf3 29. Rb3 Qxf5 30. Ra3 Qf3 31. Qd2 Kg6 32. Nc1 Rc7 33. Nb3 Qxd3 34. Qc1 Qf5 35. Nxc5 Rxc5 36. Qd1 Rhc8 37. Rf1 Rc3 38. Ra1 Qf3 39. Qd2 Rc2 40. Qe1 Qe2 41. Qb1 R8c3 42. Kh2 Qe4 43. Ra2 Qf5 44. Rxc2 Rxc2 45. Kg1 Rxf2 46. Qxf5+ Rxf5 47. Rc1 d3 48. Rc6 e4 49. Rd6 e3 0-1

[Event "Titled Tuesday intern op 25th Feb Early"]
[Site "Chess.com INT"]
[Date "2025.02.25"]
[Round "7"]
[White "Perez Ponsa, Federico"]
[Black "Sindarov, Javokhir"]
[Result "0-1"]
[WhiteElo "2528"]
[BlackElo "2700"]
[PlyCount "66"]
[EventDate "2025.02.25"]
[EventType "swiss (blitz)"]
[EventRounds "11"]
[EventCountry "USA"]
[SourceTitle "CB10_2025"]
[SourceDate "2025.03.05"]
[SourceVersion "1"]
[SourceVersionDate "2025.03.05"]
[SourceQuality "1"]

1. e4 c5 2. Nf3 e6 3. c3 d5 4. e5 d4 5. d3 Nc6 6. g3 dxc3 7. bxc3 Qc7 8. Qe2 b6 9. Bg2 Ba6 10. 0-0 Rd8 11. Rd1 Nge7 12. Na3 Ng6 13. Bg5 Be7 14. Bxe7 Qxe7 15. Nc4 0-0 16. h4 b5 17. Ncd2 Qc7 18. Re1 b4 19. c4 Nge7 20. Nb3 Nf5 21. a3 Bb7 22. axb4 Nxb4 23. g4 Bxf3 24. Bxf3 Nxh4 25. Be4 Ng6 26. Ra5 Nf4 27. Qf3 Nfxd3 28. Re3 Nxe5 29. Qg3 Qd6 30. Rxc5 Nxg4 31. Qxg4 f5 32. Bxf5 exf5 33. Rxf5 Qd1+ 0-1

[Event "Titled Tuesday intern op 25th Feb Early"]
[Site "Chess.com INT"]
[Date "2025.02.25"]
[Round "1"]
[White "Ristic, Nebojsa M"]
[Black "Sindarov, Javokhir"]
[Result "0-1"]
[WhiteElo "2248"]
[BlackElo "2700"]
[PlyCount "48"]
[EventDate "2025.02.25"]
[EventType "swiss (blitz)"]
[EventRounds "11"]
[EventCountry "USA"]
[SourceTitle "CB10_2025"]
[SourceDate "2025.03.05"]
[SourceVersion "1"]
[SourceVersionDate "2025.03.05"]
[SourceQuality "1"]

1. d4 Nf6 2. Bf4 c5 3. d5 e6 4. Nc3 exd5 5. Nxd5 Nxd5 6. Qxd5 Nc6 7. Nf3 d6 8. e4 Be6 9. Qd2 Be7 10. Rd1 0-0 11. Bb5 Qb6 12. Bxc6 Qxc6 13. Qe3 Qa6 14. a3 Rad8 15. Qe2 Bc4 16. Qd2 d5 17. e5 d4 18. b3 Bd5 19. a4 f6 20. Qd3 c4 21. Qe2 d3 22. cxd3 Bb4+ 23. Bd2 c3 24. Bf4 c2+ 0-1

[Event "Titled Tuesday intern op 25th Feb Early"]
[Site "Chess.com INT"]
[Date "2025.02.25"]
[Round "6"]
[White "Sindarov, Javokhir"]
[Black "Indjic, Aleksandar"]
[Result "1/2-1/2"]
[WhiteElo "2700"]
[BlackElo "2650"]
[PlyCount "78"]
[EventDate "2025.02.25"]
[EventType "swiss (blitz)"]
[EventRounds "11"]
[EventCountry "USA"]
[SourceTitle "CB10_2025"]
[SourceDate "2025.03.05"]
[SourceVersion "1"]
[SourceVersionDate "2025.03.05"]
[SourceQuality "1"]

1. e4 c5 2. Nf3 d6 3. d4 cxd4 4. Nxd4 Nf6 5. Bd3 a6 6. c4 b6 7. Nc3 Bb7 8. 0-0 Nbd7 9. h3 e6 10. f4 h5 11. f5 e5 12. Nf3 Be7 13. Bg5 Nh7 14. Bxe7 Qxe7 15. Nd5 Bxd5 16. cxd5 Ng5 17. Nd2 Nc5 18. Qe2 0-0 19. b4 Nxd3 20. Qxd3 Nh7 21. Rac1 b5 22. Nb3 Rac8 23. Rc6 Rxc6 24. dxc6 Rc8 25. Rc1 Nf6 26. a3 Qa7+ 27. Kh1 Qc7 28. Na5 Qb6 29. Rc2 h4 30. Qxd6 Nxe4 31. Qxe5 Qe3 32. Kh2 Rd8 33. Qa1 Qg3+ 34. Kg1 Ng5 35. c7 Nf3+ 36. Kf1 Nh2+ 37. Kg1 Nf3+ 38. Kf1 Nh2+ 39. Kg1 Nf3+ 1/2-1/2

[Event "Titled Tuesday intern op 25th Feb Early"]
[Site "Chess.com INT"]
[Date "2025.02.25"]
[Round "9"]
[White "Sindarov, Javokhir"]
[Black "Oparin, Grigoriy"]
[Result "0-1"]
[WhiteElo "2700"]
[BlackElo "2660"]
[PlyCount "82"]
[EventDate "2025.02.25"]
[EventType "swiss (blitz)"]
[EventRounds "11"]
[EventCountry "USA"]
[SourceTitle "CB10_2025"]
[SourceDate "2025.03.05"]
[SourceVersion "1"]
[SourceVersionDate "2025.03.05"]
[SourceQuality "1"]

1. e4 c5 2. Nf3 e6 3. c3 d5 4. e5 d4 5. d3 Nc6 6. g3 Nge7 7. Bg2 dxc3 8. bxc3 b6 9. 0-0 Ba6 10. Ne1 Qd7 11. Qe2 Rd8 12. Nd2 Nd5 13. Bb2 Be7 14. a4 0-0 15. Nc4 f6 16. exf6 Bxf6 17. Rc1 Nc7 18. Be4 g6 19. Nf3 Bg7 20. Ng5 Bf6 21. h4 Nd5 22. Rfe1 Rde8 23. Ne3 Nxe3 24. Qxe3 Ne5 25. Re2 Nxd3 26. Rd1 c4 27. Ba3 Be7 28. Bxe7 Rxe7 29. h5 gxh5 30. Nf3 e5 31. Qg5+ Rg7 32. Qxh5 Qf7 33. Qh4 Kh8 34. Ng5 Qe7 35. Nxh7 Qxh4 36. Nxf8 Qf6 37. Kg2 Qxf8 38. Rh1+ Kg8 39. Bd5+ Rf7 40. Re4 Qg7 41. Reh4 Bb7 0-1

[Event "Titled Tuesday intern op 25th Feb Early"]
[Site "Chess.com INT"]
[Date "2025.02.25"]
[Round "2"]
[White "Sindarov, Javokhir"]
[Black "Wang, Rui"]
[Result "1-0"]
[WhiteElo "2700"]
[BlackElo "2382"]
[PlyCount "53"]
[EventDate "2025.02.25"]
[EventType "swiss (blitz)"]
[EventRounds "11"]
[EventCountry "USA"]
[SourceTitle "CB10_2025"]
[SourceDate "2025.03.05"]
[SourceVersion "1"]
[SourceVersionDate "2025.03.05"]
[SourceQuality "1"]

1. e4 d5 2. exd5 Qxd5 3. Nc3 Qa5 4. d4 c6 5. Nf3 Nf6 6. Be2 Bf5 7. 0-0 h6 8. Ne5 e6 9. Bf4 Qd8 10. Re1 Be7 11. Bd3 Qxd4 12. Bxf5 Qxf4 13. Bxe6 0-0 14. Ng6 Qb4 15. a3 Qxb2 16. Nxe7+ Kh8 17. Qd3 Na6 18. Reb1 Nc5 19. Rxb2 Nxd3 20. cxd3 Rfe8 21. Rxb7 fxe6 22. Ne4 Nxe4 23. dxe4 c5 24. h4 h5 25. Rc1 Rab8 26. Rxc5 Rxb7 27. Rxh5# 1-0

[Event "Bundesliga 2425"]
[Site "Germany"]
[Date "2025.02.23"]
[Round "10.5"]
[White "Johansson, Linus"]
[Black "Sindarov, Javokhir"]
[Result "1/2-1/2"]
[WhiteElo "2416"]
[BlackElo "2677"]
[PlyCount "132"]
[EventDate "2024.09.28"]
[EventType "team-tourn"]
[EventRounds "15"]
[EventCountry "GER"]
[SourceTitle "CB09_2025"]
[SourceDate "2025.02.27"]
[SourceVersion "1"]
[SourceVersionDate "2025.02.27"]
[SourceQuality "1"]
[WhiteTeam "Bayern Muenchen"]
[BlackTeam "Duesseldorf"]
[WhiteTeamCountry "GER"]
[BlackTeamCountry "GER"]

1. d4 Nf6 2. c4 g6 3. Nc3 Bg7 4. e4 d6 5. Be2 0-0 6. Be3 a5 7. Nf3 Ng4 8. Bg5 h6 9. Bf4 e5 10. dxe5 dxe5 11. Bg3 Nd7 12. h3 Ngf6 13. Nxe5 Nxe4 14. Nxe4 Nxe5 15. 0-0 Qe7 16. Re1 Rd8 17. Qc1 Bf5 18. Bf1 Nd3 19. Bxd3 Rxd3 20. Nd6 Be6 21. Nb5 Rc8 22. Qc2 Rd7 23. Rad1 Rcd8 24. Rxd7 Rxd7 25. b3 c6 26. Nc3 Kh7 27. Qc1 Qc5 28. Ne4 Qd4 29. Qe3 Qxe3 30. Rxe3 Rd1+ 31. Kh2 g5 32. Re2 Bd4 33. Nd2 Kg6 34. Bc7 Bc3 35. Ne4 Bb4 36. Bb6 Bc8 37. Bc5 f6 38. Bxb4 axb4 39. Nc5 Kf7 40. Kg3 f5 41. f3 Rd6 42. Na4 h5 43. Kf2 Kf6 44. g3 Rd8 45. f4 gxf4 46. gxf4 h4 47. Nc5 b6 48. Na4 Rd3 49. Nxb6 Be6 50. Re3 Rd4 51. Kf3 Bf7 52. Re5 Rd3+ 53. Kg2 Bh5 54. Na4 Rg3+ 55. Kh2 Rf3 56. Nc5 Rxf4 57. Re6+ Kf7 58. Rxc6 Rf2+ 59. Kg1 Rxa2 60. Rh6 Bf3 61. Rxh4 Kf6 62. Rf4 Bc6 63. Rf2 Ra1+ 64. Rf1 Ra2 65. Rf2 Ra1+ 66. Rf1 Ra2 1/2-1/2

[Event "Bundesliga 2425"]
[Site "Germany"]
[Date "2025.02.22"]
[Round "9.6"]
[White "Sindarov, Javokhir"]
[Black "Delchev, Aleksander"]
[Result "1-0"]
[WhiteElo "2677"]
[BlackElo "2473"]
[PlyCount "65"]
[EventDate "2024.09.28"]
[EventType "team-tourn"]
[EventRounds "15"]
[EventCountry "GER"]
[SourceTitle "CB09_2025"]
[SourceDate "2025.02.27"]
[SourceVersion "1"]
[SourceVersionDate "2025.02.27"]
[SourceQuality "1"]
[WhiteTeam "Duesseldorf"]
[BlackTeam "Deggendorf"]
[WhiteTeamCountry "GER"]
[BlackTeamCountry "GER"]

1. c4 e6 2. Nf3 d5 3. g3 Nf6 4. Bg2 Be7 5. 0-0 0-0 6. d3 c5 7. Ne5 Nbd7 8. Nxd7 Bxd7 9. e4 dxe4 10. dxe4 Bc6 11. Qe2 Nd7 12. f4 Qc7 13. Nc3 a6 14. Be3 Rad8 15. g4 Rfe8 16. g5 Nf8 17. h4 f5 18. h5 fxe4 19. Nxe4 b5 20. b3 bxc4 21. bxc4 Ba8 22. Rae1 Rd7 23. Qg4 g6 24. hxg6 hxg6 25. Nf2 Bxg2 26. Qxg2 Qb7 27. Rb1 Qxg2+ 28. Kxg2 Red8 29. Rb6 Rd6 30. Rfb1 Nd7 31. Rb7 e5 32. fxe5 Re6 33. Rd1 1-0

[Event "Chessable Masters Play In"]
[Site "Chess.com INT"]
[Date "2025.02.17"]
[Round "8"]
[White "Bortnyk, Olexandr"]
[Black "Sindarov, Javokhir"]
[Result "1/2-1/2"]
[WhiteElo "2601"]
[BlackElo "2700"]
[PlyCount "117"]
[EventDate "2025.02.17"]
[EventType "swiss (blitz)"]
[EventRounds "9"]
[EventCountry "USA"]
[SourceTitle "CB08_2025"]
[SourceDate "2025.02.19"]
[SourceVersion "1"]
[SourceVersionDate "2025.02.19"]
[SourceQuality "1"]

1. e4 c5 2. c3 Nf6 3. e5 Nd5 4. Nf3 d6 5. Bb5+ Nc6 6. d4 cxd4 7. Qxd4 Nc7 8. Bxc6+ bxc6 9. 0-0 Ne6 10. Qh4 f6 11. exd6 exd6 12. Re1 Kf7 13. Na3 Be7 14. Be3 d5 15. Rad1 Rb8 16. Rd2 Qa5 17. Nd4 Nxd4 18. Bxd4 Rb7 19. Qh5+ g6 20. Qh4 Bd8 21. Qh6 Bf5 22. Rde2 g5 23. c4 Qc7 24. Nc2 Qf4 25. Be3 Qxc4 26. Nd4 Bg6 27. h4 c5 28. Rc1 Qd3 29. Rxc5 Bb6 30. Rc1 Bxd4 31. Rd2 Bxe3 32. Rxd3 Bxc1 33. Rxd5 Re8 34. hxg5 Re1+ 35. Kh2 Bf4+ 36. g3 Bxg5 37. Rxg5 fxg5 38. Qxg5 Rbe7 39. Qd5+ Kg7 40. Qd4+ Kg8 41. Qd8+ Kf7 42. Qd5+ R1e6 43. g4 Be4 44. Qc4 Kf8 45. Qc8+ Kg7 46. Qc3+ Kg8 47. Qc8+ Re8 48. Qc4 Kf8 49. Qc5+ Kf7 50. Qc7+ R8e7 51. Qc4 Kg7 52. Qd4+ Kg6 53. f4 Kf7 54. Qc4 Kf8 55. Qc8+ Re8 56. Qc5+ R8e7 57. Qc8+ Kf7 58. Qc4 Kf8 59. Qc8+ 1/2-1/2

[Event "Chessable Masters Play In"]
[Site "Chess.com INT"]
[Date "2025.02.17"]
[Round "6"]
[White "Deac, Bogdan Daniel"]
[Black "Sindarov, Javokhir"]
[Result "1/2-1/2"]
[WhiteElo "2692"]
[BlackElo "2700"]
[PlyCount "112"]
[EventDate "2025.02.17"]
[EventType "swiss (blitz)"]
[EventRounds "9"]
[EventCountry "USA"]
[SourceTitle "CB08_2025"]
[SourceDate "2025.02.19"]
[SourceVersion "1"]
[SourceVersionDate "2025.02.19"]
[SourceQuality "1"]

1. Nf3 Nf6 2. c4 c5 3. Nc3 Nc6 4. d4 cxd4 5. Nxd4 g6 6. g3 Bg7 7. Bg2 h5 8. h3 Nxd4 9. Qxd4 0-0 10. Qd2 d6 11. b3 Be6 12. Bb2 Qd7 13. h4 Rfd8 14. 0-0 Bh3 15. e4 Bxg2 16. Kxg2 a6 17. Qe2 e6 18. Rfd1 Qc6 19. Rac1 Rac8 20. f3 Nd7 21. Na4 Bxb2 22. Nxb2 b5 23. Rc2 Ne5 24. Nd3 Nxd3 25. Qxd3 Qb6 26. Rdc1 Rc5 27. b4 Rxc4 28. Rxc4 bxc4 29. Qxc4 d5 30. exd5 Rxd5 31. Qc8+ Kh7 32. Qf8 Rd7 33. Rc8 Qd4 34. a4 Rb7 35. b5 axb5 36. axb5 Qb2+ 37. Kh3 Qf6 38. Qg8+ Kh6 39. Qf8+ Kh7 40. Qg8+ Kh6 41. Qf8+ Qg7 42. Qc5 Kh7 43. Rc7 Qa1 44. Kg2 Qb2+ 45. Kg1 Qb1+ 46. Kg2 Qb2+ 47. Kg1 Rxc7 48. Qxc7 Kg7 49. b6 Qd4+ 50. Kg2 Qd2+ 51. Kg1 Qe1+ 52. Kg2 Qe2+ 53. Kg1 Qe1+ 54. Kg2 Qe2+ 55. Kg1 Qe3+ 56. Kg2 Qe2+ 1/2-1/2

[Event "Chessable Masters Play In"]
[Site "Chess.com INT"]
[Date "2025.02.17"]
[Round "9"]
[White "Esipenko, Andrey"]
[Black "Sindarov, Javokhir"]
[Result "1-0"]
[WhiteElo "2695"]
[BlackElo "2700"]
[PlyCount "114"]
[EventDate "2025.02.17"]
[EventType "swiss (blitz)"]
[EventRounds "9"]
[EventCountry "USA"]
[SourceTitle "CB08_2025"]
[SourceDate "2025.02.19"]
[SourceVersion "1"]
[SourceVersionDate "2025.02.19"]
[SourceQuality "1"]

1. e4 c5 2. Nf3 e6 3. c3 d5 4. exd5 exd5 5. d4 Nc6 6. Bb5 Bd6 7. 0-0 Nge7 8. Re1 0-0 9. dxc5 Bxc5 10. Be3 Bxe3 11. Rxe3 Qb6 12. Na3 Nf5 13. Re2 Rd8 14. Bd3 Nd6 15. h3 h6 16. Qd2 Be6 17. Qf4 Ne4 18. Nc4 Qc5 19. Nce5 Nxe5 20. Nxe5 Nf6 21. Nf3 Qd6 22. Qd4 a6 23. Rae1 Rac8 24. Qa7 Ra8 25. Qd4 Rac8 26. a3 Qc5 27. Qb4 Qc7 28. Nd4 Bd7 29. Nf5 Bxf5 30. Bxf5 Rb8 31. Re7 Qc6 32. Bc2 Re8 33. a4 Rxe7 34. Rxe7 b5 35. Bd3 Qb6 36. axb5 axb5 37. Re1 Rd8 38. Ra1 Rb8 39. Ra5 Qe6 40. Rxb5 Qe1+ 41. Bf1 Rxb5 42. Qxb5 Ne4 43. Qe2 Qc1 44. c4 Nf6 45. cxd5 Qc5 46. Qe5 Qxd5 47. Qxd5 Nxd5 48. g3 Kf8 49. Kg2 Ke7 50. Kf3 Kd6 51. Bc4 Nb4 52. Ke4 f6 53. Kf5 Nc6 54. f4 Ne7+ 55. Ke4 g5 56. b4 Nc6 57. b5 Ke7 1-0

[Event "Chessable Masters Play In"]
[Site "Chess.com INT"]
[Date "2025.02.17"]
[Round "3"]
[White "Mamedov, Rauf"]
[Black "Sindarov, Javokhir"]
[Result "1/2-1/2"]
[WhiteElo "2656"]
[BlackElo "2700"]
[PlyCount "92"]
[EventDate "2025.02.17"]
[EventType "swiss (blitz)"]
[EventRounds "9"]
[EventCountry "USA"]
[SourceTitle "CB08_2025"]
[SourceDate "2025.02.19"]
[SourceVersion "1"]
[SourceVersionDate "2025.02.19"]
[SourceQuality "1"]

1. e4 c5 2. Nf3 e6 3. c3 d5 4. e5 d4 5. d3 Nc6 6. g3 Qc7 7. Qe2 dxc3 8. Nxc3 Nge7 9. Bg2 Nf5 10. 0-0 Be7 11. Nb5 Qb6 12. d4 Nfxd4 13. Nfxd4 Nxd4 14. Nxd4 cxd4 15. Qg4 g6 16. Bh6 Bd7 17. Rac1 Bc6 18. Rfd1 Rd8 19. Rc4 Bxg2 20. Kxg2 d3 21. Qe4 d2 22. Rc2 Qb4 23. Qe2 g5 24. a3 Qa5 25. Rcxd2 Rxd2 26. Rxd2 Rg8 27. Qd3 Qd5+ 28. Qxd5 exd5 29. f4 Kd7 30. Bxg5 Bxg5 31. Rxd5+ Ke6 32. Rd6+ Ke7 33. fxg5 Rxg5 34. Rd5 Ke6 35. Rd6+ Ke7 36. Rd5 Ke6 37. Rb5 b6 38. Kf3 h5 39. a4 Rxe5 40. Rxe5+ Kxe5 41. g4 hxg4+ 42. Kxg4 Ke4 43. Kg3 Ke3 44. Kg4 Ke4 45. Kg3 Ke3 46. Kg4 Ke4 1/2-1/2

[Event "Chessable Masters Play In"]
[Site "Chess.com INT"]
[Date "2025.02.17"]
[Round "1"]
[White "Sindarov, Javokhir"]
[Black "Gholami Orimi, Mahdi"]
[Result "1-0"]
[WhiteElo "2700"]
[BlackElo "2509"]
[PlyCount "95"]
[EventDate "2025.02.17"]
[EventType "swiss (blitz)"]
[EventRounds "9"]
[EventCountry "USA"]
[SourceTitle "CB08_2025"]
[SourceDate "2025.02.19"]
[SourceVersion "1"]
[SourceVersionDate "2025.02.19"]
[SourceQuality "1"]

1. e4 e5 2. Nf3 Nc6 3. Bc4 Nf6 4. Ng5 d5 5. exd5 Na5 6. Bb5+ c6 7. dxc6 bxc6 8. Bd3 Nd5 9. Nf3 Bd6 10. 0-0 Nf4 11. Nc3 0-0 12. Be2 f5 13. d3 g5 14. d4 e4 15. Ne5 Be6 16. g3 Nxe2+ 17. Nxe2 c5 18. d5 Bxe5 19. dxe6 h6 20. Nc3 Re8 21. Qd7 Qxd7 22. exd7 Re7 23. Rd1 Rd8 24. Rd5 Nb7 25. Be3 f4 26. gxf4 gxf4 27. Rxe5 Rxe5 28. Bxf4 Rf5 29. Bxh6 Rxd7 30. Nxe4 c4 31. Be3 Nd6 32. Rd1 Rg7+ 33. Ng3 Ne4 34. Rd8+ Kh7 35. Rd4 Nxg3 36. hxg3 Rc7 37. b3 cxb3 38. cxb3 Rc2 39. Rd7+ Kg6 40. Rxa7 Rd5 41. Kg2 Kf5 42. Kf3 Rd1 43. g4+ Kg6 44. Ra6+ Kf7 45. g5 Rg1 46. a4 Rb2 47. Rb6 Ra2 48. Ke4 1-0

[Event "Chessable Masters Play In"]
[Site "Chess.com INT"]
[Date "2025.02.17"]
[Round "4"]
[White "Sindarov, Javokhir"]
[Black "Lu, Shanglei"]
[Result "1-0"]
[WhiteElo "2700"]
[BlackElo "2618"]
[PlyCount "61"]
[EventDate "2025.02.17"]
[EventType "swiss (blitz)"]
[EventRounds "9"]
[EventCountry "USA"]
[SourceTitle "CB08_2025"]
[SourceDate "2025.02.19"]
[SourceVersion "1"]
[SourceVersionDate "2025.02.19"]
[SourceQuality "1"]

1. e4 c5 2. Nf3 e6 3. d4 cxd4 4. Nxd4 Nc6 5. Nxc6 bxc6 6. Bd3 Nf6 7. 0-0 d5 8. e5 Nd7 9. Re1 a5 10. Nd2 Ba6 11. c4 Be7 12. Qg4 g6 13. Nf3 h5 14. Qf4 Nc5 15. Bf1 Kf8 16. Ng5 Qe8 17. Be3 Kg7 18. Rac1 dxc4 19. Bxc5 Bxc5 20. Ne4 Be7 21. Nd6 Qf8 22. Bxc4 h4 23. Bxa6 Rxa6 24. Rc3 Rh5 25. Rf3 Bxd6 26. exd6 Rd5 27. Qxh4 Kg8 28. Rh3 Rh5 29. Qc4 Rxh3 30. Qxa6 Rh5 31. Rd1 1-0